000 00284nam a22001337a 4500
008 170620b xxu||||| |||| 00| 0 eng d
020 _a9780151011513
041 _aeng
080 _a32
100 _a20
101 _aSHP
245 _aTHE MORAL CENTER
_cCALLAHN,D
942 _2udc
_cBK
999 _c18244
_d18244